Tourist Attractions in UK - Part I - Statistics

General Stats
  • This quiz has been taken 43 times
  • The average score is 7 of 16
Answer Stats
Picture Answer % Correct
Stonehenge
100%
Tower Bridge
93%
Blackpool Tower
73%
Tower of London
71%
Roman Baths
63%
Eden Project
59%
St Paul's Cathedral
59%
Windsor Castle
59%
Cheddar Gorge
39%
Brighton Palace Pier
37%
Hampton Court Palace
20%
Glastonbury Tor
17%
Warwick Castle
15%
Chatsworth House
10%
Shakespeare's Birthplace
2%
Royal Botanic Gardens
0%
No matching quizzes found
Score Distribution
Percent of People with Each Score
Percentile by Number Answered
Your Score History
You have not taken this quiz